00663nam a2200205Ia 4500003000400000008004100004020002300045040000800068100002400076245006700100260002900167300001300196365001100209901002100220902003800241903005800279942001200337952009100349999001700440LDD181029s9999 xx 000 0 und d a8181281829c225.00 cLDD aArnold, Vladimir I. 0aLectures on Partial Differential EquationscVladimir I. Arnold aNew YorkbSpringerc2006 ax, 157p. b225.00 a3771b01-02-2007 aANE/D/630b13-02-2007cFdANEe62 aDiscount-10bReqst by : Ashish Aggrwal  2ddccBK 00102ddc4070978081aLDDbLDDl0o515.353 Ar64Lp061412r2018-11-01w2018-11-01yBK c78082d78082